• 首页
  • 本馆介绍
  • 公告通知
  • 最新文献
  • 馆藏检索
  • 电子资源
  • 读者导购
  • 参考咨询
  • 我的图书馆
  • 登录
  • 详细信息显示
  • 放入我的书架
  • 预约/预借图书
  • 作者相关作品
  • 分类相关作品
  • 丛书相关作品
  • 出版社相关作品

书目信息

  • 表格格式
  • 工作单格式
  • 卡片格式
题名:
商君书译注
    
 
作者: 周晓露 译注
分册:  
出版信息: 上海   上海三联书店  2018
页数: 222页
开本: 21cm
丛书名:
单 册:
中图分类: B226.2
科图分类:
主题词: 商鞅变法
电子资源:
ISBN: 978-7-5426-6333-7
000 00814nam0 2200277 450
001 012001011842
005 20191125150054.18
010    @a978-7-5426-6333-7@dCNY21.80
100    @a20181129d2018 em y0chiy50 ea
101 0  @achi
102    @aCN@b310000
105    @ay z 000yy
106    @ar
200 1  @a商君书译注@9shang jun shu yi zhu@f周晓露译注
205    @a2版
210    @a上海@c上海三联书店@d2018
215    @a222页@d21cm
300    @a国学经典
330    @a本书以原文、注释、译文的形式对《商君书》进行译注,《商君书》也称《商子》,是战国时商鞅及其后学的著作汇编。
605    @a《商君书》@x译文
605    @a《商君书》@x注释
606 0  @a商鞅变法
690    @aB226.2@v5
701  0 @a周晓露@9zhou xiao lu@4译注
801  0 @aCN@b上海新华@c20191020
905    @b1184520-3@dB226.2@e908=2@f4
    
    商君书译注/周晓露译注.-2版.-上海:上海三联书店,2018
    222页;21cm
    国学经典
    
    ISBN 978-7-5426-6333-7:CNY21.80
    本书以原文、注释、译文的形式对《商君书》进行译注,《商君书》也称《商子》,是战国时商鞅及其后学的著作汇编。
●
相关链接 在E读中查询图书 在五车中查询图书 在当当中查询图书 在豆瓣中查询图书


正题名:商君书译注     索取号:B226.2/908=2         预约/预借

序号 登录号 条形码 馆藏地/架位号 状态 备注
1 1184520   211845208   第一样本阅览室/ [索取号:B226.2/908=2] 在馆    
2 1184521   211845217   第一借阅区/ [索取号:B226.2/908=2] 在馆    
3 1184522   211845226   第一借阅区/ [索取号:B226.2/908=2] 在馆    
4 1184523   211845235   第一借阅区/ [索取号:B226.2/908=2] 在馆    
唐山师范学院图书馆 欢迎您!
大连网信软件有限公司© 版权所有